Initium dulcissimi nomin B. V. Mariae Antiphona. (Record no. 8331)

MARC details
000 -CABECERA
campo de control de longitud fija 01118nam a2200313 a 4500
001 - NÚMERO DE CONTROL
campo de control BRCA_8673
003 - IDENTIFICADOR DEL NÚMERO DE CONTROL
campo de control FranzMayer
005 - FECHA Y HORA DE LA ÚLTIMA TRANSACCIÓN
campo de control 20230811111709.0
008 - DATOS DE LONGITUD FIJA--INFORMACIÓN GENERAL
campo de control de longitud fija 021216s--------ag-#######---#000-0#lat-#
040 ## - FUENTE DE LA CATALOGACIÓN
Centro catalogador/agencia de origen MFM
Lengua de catalogación esp
Centro/agencia transcriptor MFM
041 ## - CÓDIGO DE LENGUA
Código de lengua del texto/banda sonora o título independiente lat
044 ## - CÓDIGO DEL PAÍS DE LA ENTIDAD EDITORA/PRODUCTORA
Código MARC del país it
050 #4 - SIGNATURA TOPOGRÁFICA DE LA BIBLIOTECA DEL CONGRESO
Número de clasificación BV169
Número de documento/Ítem .I55 (D-45/K-40)
245 10 - MENCIÓN DE TÍTULO
Título Initium dulcissimi nomin B. V. Mariae Antiphona.
260 ## - PUBLICACIÓN, DISTRIBUCIÓN, ETC.
Lugar de publicación, distribución, etc. [s.l]
Nombre del editor, distribuidor, etc. [s.e.]
Fecha de publicación, distribución, etc. [s.f.]
300 ## - DESCRIPCIÓN FÍSICA
Extensión 1 vol. (sin paginación)
Dimensiones 30 cm
500 ## - NOTA GENERAL
Nota general Fondo antiguo
500 ## - NOTA GENERAL
Nota general Se encuentra en Caja Fuerte
500 ## - NOTA GENERAL
Nota general D-45/K-40
500 ## - NOTA GENERAL
Nota general Rubrica en las guardas perteneciente a María del Carmen
500 ## - NOTA GENERAL
Nota general Letras capitulares elaboradas a mano en tinta roja
500 ## - NOTA GENERAL
Nota general Libro de coro manuscrito que contiene pentagramas musicales
500 ## - NOTA GENERAL
Nota general Nota de encuadernación: en pasta española, cantos en rojo y broches de piel
506 0# - NOTA DE RESTRICCIONES AL ACCESO
Limitaciones de acceso Fondo reservado: para su consulta es necesario credencial de usuario y carta de motivos
650 14 - PUNTO DE ACCESO ADICIONAL DE MATERIA--TÉRMINO DE MATERIA
Término de materia o nombre geográfico como elemento de entrada Iglesia católica
Término indicativo de función/relación Liturgia
Subdivisión de forma Manuscritos
9 (RLIN) 21636
650 14 - PUNTO DE ACCESO ADICIONAL DE MATERIA--TÉRMINO DE MATERIA
Término de materia o nombre geográfico como elemento de entrada Libros de coro
Término indicativo de función/relación Iglesia católica
9 (RLIN) 21637
902 ## - CATALOGADOR
Iniciales LAR
942 ## - ELEMENTOS DE PUNTO DE ACCESO ADICIONAL (KOHA)
Fuente del sistema de clasificación o colocación Library of Congress Classification
Tipo de ítem Koha Libros
Holdings
Estado de retiro Estado de pérdida Fuente del sistema de clasificación o colocación Estado dañado No para préstamo Código de colección Localización permanente Ubicación/localización actual Fecha de adquisición Fuente de adquisición Total de préstamos Signatura topográfica completa Código de barras Fecha visto por última vez Precio válido a partir de Tipo de ítem Koha
El ejemplar forma parte de la colección y puede ser consultado según las políticas vigentes.   Library of Congress Classification     Libros Antiguos y Raros Biblioteca del Museo Franz Mayer (Rogerio Casas-Alatriste) Biblioteca del Museo Franz Mayer (Rogerio Casas-Alatriste) 02/12/2016 Donación   BV169 .I55 LAR00171 (D-45/K-40) 22/03/2019 22/03/2019 Libros